|
|
|
|
| LEADER |
00000nas a2200000 a 4500 |
| 001 |
ssj0002019 |
| 003 |
WaSeSS |
| 005 |
20200512172242.0 |
| 006 |
m d |
| 007 |
cr n |
| 008 |
050614c19819999njumr pss 0 a0eng c |
| 010 |
|
|
|a 2006264510
|
| 022 |
|
|
|a 1938-2413
|l 0279-3695
|y 0279-3695
|
| 035 |
|
|
|a (WaSeSS)ssj0002019
|
| 037 |
|
|
|b Slack, Inc., 6900 Grove Rd., Thorofare, NJ 08086-9447
|c $27.00 (single issue)
|
| 040 |
|
|
|a OCLCS
|b eng
|c OCLCS
|d SBH
|d DLC
|d OCLCQ
|d OCLCF
|d OCLCO
|d VT2
|d OCLCQ
|d BUF
|d LEAUB
|d WaSeSS
|
| 042 |
|
|
|a pcc
|a nsdp
|
| 050 |
0 |
0 |
|a RC440
|
| 060 |
|
4 |
|a W1
|b JO858V
|
| 082 |
1 |
0 |
|a 610
|2 14
|
| 130 |
0 |
|
|a Journal of psychosocial nursing and mental health services (Online)
|
| 222 |
|
0 |
|a Journal of psychosocial nursing and mental health services
|b (Online)
|
| 245 |
1 |
0 |
|a Journal of psychosocial nursing and mental health services
|h [electronic resource].
|
| 260 |
|
|
|a [Thorofare, N.J.] :
|b Slack Inc.
|
| 310 |
|
|
|a Monthly
|
| 362 |
1 |
|
|a Print began with vol. 19, no. 8 (Aug. 1981).
|
| 506 |
|
|
|a License restrictions may limit access.
|
| 538 |
|
|
|a Mode of access: World Wide Web.
|
| 588 |
|
|
|a Description based on: Vol. 41, no. 1 (Jan. 2003); title from journal homepage (publisher website, viewed Jan. 18, 2006).
|
| 588 |
|
|
|a Latest issue consulted: Vol. 46, no. 5 (May 2008) (publishers website viewed June 11, 2008).
|
| 650 |
|
0 |
|a Psychiatric nursing
|v Periodicals.
|
| 650 |
|
0 |
|a Mental health services
|v Periodicals.
|
| 650 |
|
7 |
|a Mental health services.
|2 fast
|0 (OCoLC)fst01016498
|
| 650 |
|
7 |
|a Psychiatric nursing.
|2 fast
|0 (OCoLC)fst01081110
|
| 650 |
|
2 |
|a Mental health services
|v Periodicals.
|
| 655 |
|
0 |
|a Electronic journals.
|
| 776 |
1 |
|
|t Journal of psychosocial nursing and mental health services
|x 0279-3695
|w (DLC) 81649719
|w (OCoLC)7816794
|
| 780 |
0 |
0 |
|t Journal of psychiatric nursing and mental health services
|w (OCoLC)60626190
|
| 850 |
|
|
|a DLC
|
| 856 |
4 |
0 |
|z Full text available from Research Library: 08/01/1981 to present
|u https://search.proquest.com/publication/35532
|